| 000 | 00412nam a22001577a 4500 | ||
|---|---|---|---|
| 003 | OSt | ||
| 008 | 230227b |||||||| |||| 00| 0 eng d | ||
| 041 | _amal | ||
| 082 |
_a494.812 _bBAL/VI |
||
| 100 |
_aBalakrishnan, kavumbayi _95404 |
||
| 245 |
_aVijnanamalayalam _bവിജ്ഞാനമലയാളം |
||
| 250 | _a1st | ||
| 260 |
_aTrissure _bKerala sahithya academy _c2021 |
||
| 300 | _a128 | ||
| 942 | _cBK | ||
| 999 |
_c17646 _d17646 |
||